Remanufacturing and Advanced Machining Processes for New Materials and Components (Record no. 31252)

MARC details
000 -LEADER
fixed length control field 00848nam a2200121Ia 4500
008 - FIXED-LENGTH DATA ELEMENTS--GENERAL INFORMATION
fixed length control field 220620s9999||||xx |||||||||||||| ||und||
100 ## - MAIN ENTRY--PERSONAL NAME
Personal name Gevorkyan, Е.S.||Rucki, M.||Nerubatskyi, V.P.||Żurowski, W.||Siemiątkowski, Z.||Morozow, D.||Kharatyan, A.G.
245 #0 - TITLE STATEMENT
Title Remanufacturing and Advanced Machining Processes for New Materials and Components
546 ## - LANGUAGE NOTE
Language note English[eng]
650 ## - SUBJECT ADDED ENTRY--TOPICAL TERM
Topical term or geographic name entry element beam coating methods;diamond and diamond spark grinding;electrolyte-plasma quenching;industrial transport;lost foam casting;manufacturing;railway transport;remanufacturing;repairing and strengthening cladding;surface engineering methods;thermal and vacuum spraying;thermoelastoplastic techniques;titanium nitride coatings;ultrasonic machining methods
856 ## - ELECTRONIC LOCATION AND ACCESS
Uniform Resource Identifier <a href="https://library.oapen.org/bitstream/20.500.12657/52630/1/9781000528664.pdf">https://library.oapen.org/bitstream/20.500.12657/52630/1/9781000528664.pdf</a>
942 ## - ADDED ENTRY ELEMENTS (KOHA)
Koha item type E-Books
Holdings
Withdrawn status Lost status Damaged status Not for loan Home library Current library Date acquired Total Checkouts Date last seen Price effective from Koha item type
        Kerala University of Digital Sciences, Innovation and Technology Knowledge Centre Kerala University of Digital Sciences, Innovation and Technology Knowledge Centre 20/06/2022   20/06/2022 20/06/2022 E-Books